[Event "Imperia Corallo op-C 1st"]
[Site "Imperia"]
[Date "2006.11.26"]
[Round "4.1"]
[White "Lepre, Mario"]
[Black "Salustri, Aurora"]
[Result "1/2-1/2"]
[WhiteElo "1410"]
[BlackElo "1407"]
[PlyCount "64"]
[EventDate "2006.11.24"]
[EventType "swiss"]
[EventRounds "5"]
[EventCountry "ITA"]
[SourceTitle "EXT 2024"]
[Source "ChessBase"]
[SourceDate "2023.10.10"]
[SourceVersion "1"]
[SourceVersionDate "2023.10.10"]
[SourceQuality "1"]

1. e4 e5 2. Nf3 Nc6 3. Bc4 f6 4. 0-0 Bc5 5. Nc3 Nge7 6. d3 d6 7. Be3 Bxe3 8. fxe3 b6 9. Bb5 Bb7 10. Nd5 0-0 11. Bc4 Nxd5 12. Bxd5+ Kh8 13. Nh4 Na5 14. Bxb7 Nxb7 15. Nf5 g6 16. Ng3 Qe7 17. Qg4 Rg8 18. Ne2 Rae8 19. Rf3 Qe6 20. Qh4 Ref8 21. Rh3 h5 22. g4 Nd8 23. gxh5 gxh5+ 24. Kh1 Rg5 25. Rg1 Rfg8 26. Rxg5 Rxg5 27. Ng3 Qf7 28. Nf5 Ne6 29. Nh6 Qg6 30. Nf5 Rg4 31. Qxh5+ Qxh5 32. Rxh5+ Kg8 1/2-1/2

[Event "Imperia Corallo op-C 1st"]
[Site "Imperia"]
[Date "2006.11.25"]
[Round "2.2"]
[White "Lepre, Mario"]
[Black "Semeria, Silvio"]
[Result "1-0"]
[WhiteElo "1410"]
[BlackElo "1392"]
[PlyCount "49"]
[EventDate "2006.11.24"]
[EventType "swiss"]
[EventRounds "5"]
[EventCountry "ITA"]
[SourceTitle "EXT 2024"]
[Source "ChessBase"]
[SourceDate "2023.10.10"]
[SourceVersion "1"]
[SourceVersionDate "2023.10.10"]
[SourceQuality "1"]

1. e4 e5 2. Bc4 Nf6 3. Nf3 Nc6 4. Nc3 Bc5 5. 0-0 0-0 6. d3 d6 7. h3 h6 8. Be3 Bxe3 9. fxe3 Bd7 10. Nd5 Be6 11. Nh4 Qd7 12. Nxf6+ gxf6 13. Rxf6 Qe7 14. Qf1 Bxc4 15. dxc4 Kg7 16. Nf5+ Kxf6 17. Nxe7+ Kxe7 18. Rd1 Nb4 19. a3 Nxc2 20. Qe2 Rg8 21. Qxc2 Rg7 22. c5 Rag8 23. cxd6+ cxd6 24. Qc7+ Ke6 25. Rxd6# 1-0